[Event "DEM U14 2024"]
[Site "Willingen GER"]
[Date "2024.05.25"]
[Round "9"]
[White "Schuricht, Emil Frederick"]
[Black "Lu, Yunong Elias"]
[Result "1-0"]
[Termination "normal"]
[Board "10"]
[WhiteElo "2027"]
[BlackElo "1990"]
[WhiteClock "00:12:38"]
[BlackClock "00:45:28"]
[PlyCount "127"]
[WhiteFideId "16270185"]
[BlackFideId "16276426"]
[EventCountry "GER"]
[EventRounds "9"]
[EventType "swiss"]
[EventDate "2024.05.18"]

1. c4 {[%clk 01:30:58]} Nf6 {[%clk 01:30:37]} {[%emt 00:00:23]} 2. Nf3 {[%clk
01:31:22]} {[%emt 00:00:06]} c5 {[%clk 01:31:03]} {[%emt 00:00:04]} 3. g3
{[%clk 01:31:47]} {[%emt 00:00:04]} Nc6 {[%clk 01:31:10]} {[%emt 00:00:24]} 4.
Bg2 {[%clk 01:32:12]} {[%emt 00:00:06]} d5 {[%clk 01:31:34]} {[%emt 00:00:05]}
5. cxd5 {[%clk 01:29:01]} {[%emt 00:03:41]} Nxd5 {[%clk 01:31:58]} {[%emt
00:00:06]} 6. d4 {[%clk 01:28:44]} {[%emt 00:00:46]} cxd4 {[%clk 01:31:48]}
{[%emt 00:00:41]} 7. Nxd4 {[%clk 01:28:25]} {[%emt 00:00:48]} Ndb4 {[%clk
01:31:32]} {[%emt 00:00:47]} 8. Nxc6 {[%clk 01:28:34]} {[%emt 00:00:22]} Qxd1+
{[%clk 01:31:43]} {[%emt 00:00:18]} 9. Kxd1 {[%clk 01:29:00]} {[%emt 00:00:04]}
Nxc6 {[%clk 01:32:10]} {[%emt 00:00:03]} 10. Bxc6+ {[%clk 01:29:23]} {[%emt
00:00:07]} bxc6 {[%clk 01:32:35]} {[%emt 00:00:04]} 11. Be3 {[%clk 01:29:01]}
{[%emt 00:00:52]} e5 {[%clk 01:30:53]} {[%emt 00:02:12]} 12. f3 {[%clk
01:29:24]} {[%emt 00:00:08]} h5 {[%clk 01:31:09]} {[%emt 00:00:15]} 13. h4
{[%clk 01:23:30]} {[%emt 00:06:23]} a5 {[%clk 01:23:13]} {[%emt 00:08:26]} 14.
Nc3 {[%clk 01:06:38]} {[%emt 00:17:22]} a4 {[%clk 01:22:24]} {[%emt 00:01:18]}
15. Ke1 {[%clk 00:47:58]} {[%emt 00:19:10]} a3 {[%clk 01:14:57]} {[%emt
00:07:58]} 16. b3 {[%clk 00:47:07]} {[%emt 00:01:21]} Be6 {[%clk 00:59:16]}
{[%emt 00:16:11]} 17. Rc1 {[%clk 00:42:20]} {[%emt 00:05:17]} Bb4 {[%clk
00:56:18]} {[%emt 00:03:28]} 18. Kf2 {[%clk 00:42:28]} {[%emt 00:00:22]} Bxc3
{[%clk 00:56:32]} {[%emt 00:00:16]} 19. Rxc3 {[%clk 00:42:54]} {[%emt
00:00:04]} Bd5 {[%clk 00:54:30]} {[%emt 00:02:31]} 20. Bc5 {[%clk 00:38:00]}
{[%emt 00:05:24]} f5 {[%clk 00:54:28]} {[%emt 00:00:32]} 21. e4 {[%clk
00:36:05]} {[%emt 00:02:26]} fxe4 {[%clk 00:53:09]} {[%emt 00:01:49]} 22. fxe4
{[%clk 00:36:15]} {[%emt 00:00:19]} Bxe4 {[%clk 00:53:32]} {[%emt 00:00:07]}
23. Re1 {[%clk 00:36:41]} {[%emt 00:00:04]} Bd5 {[%clk 00:53:56]} {[%emt
00:00:07]} 24. Rxe5+ {[%clk 00:37:02]} {[%emt 00:00:10]} Kf7 {[%clk 00:53:23]}
{[%emt 00:01:02]} 25. Rce3 {[%clk 00:28:57]} {[%emt 00:08:36]} Rhe8 {[%clk
00:39:55]} {[%emt 00:13:58]} 26. Rf5+ {[%clk 00:19:53]} {[%emt 00:09:33]} Kg8
{[%clk 00:36:49]} {[%emt 00:03:37]} 27. Rxh5 {[%clk 00:15:37]} {[%emt
00:04:45]} Rxe3 {[%clk 00:36:07]} {[%emt 00:01:13]} 28. Kxe3 {[%clk 00:15:40]}
{[%emt 00:00:27]} Re8+ {[%clk 00:34:03]} {[%emt 00:02:33]} 29. Kf2 {[%clk
00:15:26]} {[%emt 00:00:44]} Bxb3 {[%clk 00:32:27]} {[%emt 00:02:07]} 30. axb3
{[%clk 00:12:34]} {[%emt 00:03:21]} a2 {[%clk 00:32:45]} {[%emt 00:00:12]} 31.
Bd4 {[%clk 00:12:48]} {[%emt 00:00:17]} Rd8 {[%clk 00:33:11]} {[%emt 00:00:03]}
32. Bxg7 {[%clk 00:10:55]} {[%emt 00:02:23]} Kxg7 {[%clk 00:33:29]} {[%emt
00:00:13]} 33. Ra5 {[%clk 00:11:13]} {[%emt 00:00:12]} Rd2+ {[%clk 00:33:54]}
{[%emt 00:00:04]} 34. Ke3 {[%clk 00:11:08]} {[%emt 00:00:35]} Rb2 {[%clk
00:34:16]} {[%emt 00:00:09]} 35. Kf4 {[%clk 00:10:40]} {[%emt 00:00:58]} Rxb3
{[%clk 00:33:07]} {[%emt 00:01:39]} 36. Rxa2 {[%clk 00:09:50]} {[%emt
00:01:20]} Rb4+ {[%clk 00:33:34]} {[%emt 00:00:02]} 37. Kg5 {[%clk 00:08:26]}
{[%emt 00:01:54]} Rb5+ {[%clk 00:34:01]} {[%emt 00:00:03]} 38. Kf4 {[%clk
00:08:36]} {[%emt 00:00:20]} Rb4+ {[%clk 00:34:26]} {[%emt 00:00:06]} 39. Kg5
{[%clk 00:08:27]} {[%emt 00:00:38]} Rb5+ {[%clk 00:34:54]} {[%emt 00:00:02]}
40. Kg4 {[%clk 00:08:42]} {[%emt 00:00:15]} Rb4+ {[%clk 00:35:21]} {[%emt
00:00:03]} 41. Kh3 {[%clk 00:06:34]} {[%emt 00:02:38]} c5 {[%clk 00:35:12]}
{[%emt 00:00:40]} 42. Ra6 {[%clk 00:04:04]} {[%emt 00:03:00]} Rd4 {[%clk
00:30:52]} {[%emt 00:04:48]} 43. Rc6 {[%clk 00:03:04]} {[%emt 00:01:31]} Rd5
{[%clk 00:29:02]} {[%emt 00:02:20]} 44. Kg4 {[%clk 00:25:06]} {[%emt 00:08:28]}
Rd4+ {[%clk 00:57:55]} {[%emt 00:01:38]} 45. Kf5 {[%clk 00:24:47]} {[%emt
00:00:48]} Rd5+ {[%clk 00:58:19]} {[%emt 00:00:06]} 46. Ke4 {[%clk 00:25:02]}
{[%emt 00:00:14]} Rd4+ {[%clk 00:58:43]} {[%emt 00:00:08]} 47. Ke3 {[%clk
00:25:19]} {[%emt 00:00:12]} Rd5 {[%clk 00:58:41]} {[%emt 00:00:32]} 48. Re6
{[%clk 00:24:27]} {[%emt 00:01:22]} Kf7 {[%clk 00:51:39]} {[%emt 00:07:32]} 49.
Re4 {[%clk 00:23:06]} {[%emt 00:01:52]} Kf6 {[%clk 00:51:45]} {[%emt 00:00:24]}
50. Rc4 {[%clk 00:20:59]} {[%emt 00:02:37]} Kf5 {[%clk 00:50:21]} {[%emt
00:01:53]} 51. g4+ {[%clk 00:20:18]} {[%emt 00:01:12]} Ke5 {[%clk 00:50:46]}
{[%emt 00:00:05]} 52. h5 {[%clk 00:18:32]} {[%emt 00:02:15]} Ke6 {[%clk
00:48:28]} {[%emt 00:02:48]} 53. Kf4 {[%clk 00:17:53]} {[%emt 00:01:10]} Kf6
{[%clk 00:48:54]} {[%emt 00:00:04]} 54. Ra4 {[%clk 00:14:02]} {[%emt 00:04:22]}
Rd7 {[%clk 00:48:48]} {[%emt 00:00:34]} 55. Ra6+ {[%clk 00:13:51]} {[%emt
00:00:42]} Kg7 {[%clk 00:49:12]} {[%emt 00:00:05]} 56. Rc6 {[%clk 00:14:14]}
{[%emt 00:00:08]} Rd4+ {[%clk 00:48:55]} {[%emt 00:00:47]} 57. Kg5 {[%clk
00:14:14]} {[%emt 00:00:30]} Rd5+ {[%clk 00:49:21]} {[%emt 00:00:05]} 58. Kh4
{[%clk 00:14:36]} {[%emt 00:00:08]} Kh7 {[%clk 00:48:06]} {[%emt 00:01:45]} 59.
h6 {[%clk 00:13:55]} {[%emt 00:01:10]} c4 {[%clk 00:48:18]} {[%emt 00:00:19]}
60. g5 {[%clk 00:14:06]} {[%emt 00:00:19]} Rd1 {[%clk 00:47:02]} {[%emt
00:01:46]} 61. Rxc4 {[%clk 00:12:47]} {[%emt 00:01:48]} Rh1+ {[%clk 00:47:29]}
{[%emt 00:00:03]} 62. Kg4 {[%clk 00:13:10]} {[%emt 00:00:07]} Rh2 {[%clk
00:47:27]} {[%emt 00:00:31]} 63. Rc7+ {[%clk 00:13:13]} {[%emt 00:00:28]} Kg6
{[%clk 00:45:28]} {[%emt 00:02:29]} 64. Rg7# {[%clk 00:12:38]} {[%emt
00:00:05]} 1-0

[Event "DEM U14 2024"]
[Site "Willingen GER"]
[Date "2024.05.25"]
[Round "9"]
[White "Burkart, Lloyd Shang"]
[Black "Nönnig, Jakob"]
[Result "1-0"]
[Termination "normal"]
[Board "11"]
[WhiteElo "2168"]
[BlackElo "1990"]
[WhiteClock "00:43:03"]
[BlackClock "00:00:36"]
[PlyCount "65"]
[WhiteFideId "16239059"]
[BlackFideId "16289447"]
[EventCountry "GER"]
[EventRounds "9"]
[EventType "swiss"]
[EventDate "2024.05.18"]

1. c4 {[%clk 01:30:57]} e6 {[%clk 01:30:54]} {[%emt 00:00:08]} 2. g3 {[%clk
01:31:22]} {[%emt 00:00:03]} d5 {[%clk 01:31:17]} {[%emt 00:00:07]} 3. Bg2
{[%clk 01:31:48]} {[%emt 00:00:05]} Nf6 {[%clk 01:31:39]} {[%emt 00:00:08]} 4.
Nf3 {[%clk 01:32:11]} {[%emt 00:00:07]} Be7 {[%clk 01:32:01]} {[%emt 00:00:08]}
5. O-O {[%clk 01:32:20]} {[%emt 00:00:21]} O-O {[%clk 01:32:18]} {[%emt
00:00:14]} 6. d4 {[%clk 01:32:43]} {[%emt 00:00:07]} c6 {[%clk 01:32:13]}
{[%emt 00:00:34]} 7. Nc3 {[%clk 01:33:02]} {[%emt 00:00:11]} b6 {[%clk
01:31:29]} {[%emt 00:01:13]} 8. Nd2 {[%clk 01:33:04]} {[%emt 00:00:28]} Bb7
{[%clk 01:22:01]} {[%emt 00:09:58]} 9. e4 {[%clk 01:32:40]} {[%emt 00:00:54]}
Nbd7 {[%clk 01:13:18]} {[%emt 00:09:13]} 10. e5 {[%clk 01:30:53]} {[%emt
00:02:18]} Ne8 {[%clk 01:13:25]} {[%emt 00:00:24]} 11. cxd5 {[%clk 01:31:15]}
{[%emt 00:00:08]} exd5 {[%clk 01:10:36]} {[%emt 00:03:19]} 12. f4 {[%clk
01:27:56]} {[%emt 00:03:48]} Nc7 {[%clk 01:05:09]} {[%emt 00:05:57]} 13. Nf3
{[%clk 01:27:40]} {[%emt 00:00:45]} c5 {[%clk 00:58:26]} {[%emt 00:07:14]} 14.
Be3 {[%clk 01:26:09]} {[%emt 00:02:01]} c4 {[%clk 00:46:13]} {[%emt 00:12:43]}
15. f5 {[%clk 01:22:59]} {[%emt 00:03:41]} Re8 {[%clk 00:44:37]} {[%emt
00:02:05]} 16. g4 {[%clk 01:21:05]} {[%emt 00:02:23]} b5 {[%clk 00:38:49]}
{[%emt 00:06:19]} 17. Qe1 {[%clk 01:16:31]} {[%emt 00:05:04]} b4 {[%clk
00:38:10]} {[%emt 00:01:10]} 18. Ne2 {[%clk 01:16:47]} {[%emt 00:00:14]} f6
{[%clk 00:36:33]} {[%emt 00:02:07]} 19. Qg3 {[%clk 01:07:16]} {[%emt 00:09:59]}
fxe5 {[%clk 00:33:57]} {[%emt 00:03:08]} 20. dxe5 {[%clk 01:07:30]} {[%emt
00:00:15]} Bc5 {[%clk 00:29:32]} {[%emt 00:04:55]} 21. Bxc5 {[%clk 00:58:59]}
{[%emt 00:09:01]} Nxc5 {[%clk 00:30:00]} {[%emt 00:00:02]} 22. Ned4 {[%clk
00:58:05]} {[%emt 00:01:24]} Rf8 {[%clk 00:23:06]} {[%emt 00:07:25]} 23. g5
{[%clk 00:56:10]} {[%emt 00:02:24]} g6 {[%clk 00:19:19]} {[%emt 00:04:17]} 24.
fxg6 {[%clk 00:54:09]} {[%emt 00:02:31]} hxg6 {[%clk 00:19:25]} {[%emt
00:00:24]} 25. Nh4 {[%clk 00:54:01]} {[%emt 00:00:38]} N7e6 {[%clk 00:01:23]}
{[%emt 00:18:32]} 26. Nxe6 {[%clk 00:50:57]} {[%emt 00:03:35]} Nxe6 {[%clk
00:01:46]} {[%emt 00:00:06]} 27. Rf6 {[%clk 00:51:17]} {[%emt 00:00:10]} Rxf6
{[%clk 00:01:59]} {[%emt 00:00:17]} 28. gxf6 {[%clk 00:51:37]} {[%emt
00:00:11]} g5 {[%clk 00:02:03]} {[%emt 00:00:26]} 29. Nf3 {[%clk 00:51:37]}
{[%emt 00:00:29]} Qb6+ {[%clk 00:02:29]} {[%emt 00:00:04]} 30. Kh1 {[%clk
00:51:07]} {[%emt 00:01:00]} Qe3 {[%clk 00:02:47]} {[%emt 00:00:12]} 31. Qh3
{[%clk 00:43:19]} {[%emt 00:08:18]} Kf7 {[%clk 00:01:21]} {[%emt 00:01:56]} 32.
Qh7+ {[%clk 00:43:13]} {[%emt 00:00:36]} Kf8 {[%clk 00:00:36]} {[%emt
00:01:13]} 33. Qe7+ {[%clk 00:43:03]} {[%emt 00:00:42]} 1-0

[Event "DEM U14 2024"]
[Site "Willingen GER"]
[Date "2024.05.25"]
[Round "9"]
[White "Herrmann, Jakob"]
[Black "Martemyanov, Mikhail"]
[Result "1/2-1/2"]
[Termination "normal"]
[Board "12"]
[WhiteElo "2060"]
[BlackElo "1720"]
[WhiteClock "00:15:47"]
[BlackClock "00:04:00"]
[PlyCount "99"]
[WhiteFideId "16287169"]
[BlackFideId "34303774"]
[EventCountry "GER"]
[EventRounds "9"]
[EventType "swiss"]
[EventDate "2024.05.18"]

1. Nf3 {[%clk 01:30:56]} {[%emt 00:00:03]} c5 {[%clk 01:30:36]} {[%emt
00:00:25]} 2. g3 {[%clk 01:31:21]} {[%emt 00:00:05]} Nc6 {[%clk 01:30:28]}
{[%emt 00:00:39]} 3. Bg2 {[%clk 01:31:44]} {[%emt 00:00:06]} g6 {[%clk
01:30:00]} {[%emt 00:00:58]} 4. c4 {[%clk 01:30:59]} {[%emt 00:01:15]} Bg7
{[%clk 01:30:02]} {[%emt 00:00:27]} 5. Nc3 {[%clk 01:31:22]} {[%emt 00:00:08]}
e5 {[%clk 01:29:53]} {[%emt 00:00:38]} 6. O-O {[%clk 01:31:30]} {[%emt
00:00:24]} Nge7 {[%clk 01:29:17]} {[%emt 00:01:06]} 7. a3 {[%clk 01:31:28]}
{[%emt 00:00:33]} d6 {[%clk 01:27:37]} {[%emt 00:02:09]} 8. Rb1 {[%clk
01:25:24]} {[%emt 00:06:34]} a5 {[%clk 01:26:05]} {[%emt 00:02:02]} 9. Ne1
{[%clk 01:25:33]} {[%emt 00:00:20]} Be6 {[%clk 01:22:32]} {[%emt 00:04:03]} 10.
d3 {[%clk 01:25:13]} {[%emt 00:00:50]} O-O {[%clk 01:17:03]} {[%emt 00:05:59]}
11. Nc2 {[%clk 01:25:38]} {[%emt 00:00:05]} d5 {[%clk 01:13:15]} {[%emt
00:04:18]} 12. cxd5 {[%clk 01:25:59]} {[%emt 00:00:09]} Nxd5 {[%clk 01:13:03]}
{[%emt 00:00:42]} 13. Ne3 {[%clk 01:25:45]} {[%emt 00:00:44]} Nde7 {[%clk
01:03:46]} {[%emt 00:09:47]} 14. Nc4 {[%clk 01:24:03]} {[%emt 00:02:12]} Rb8
{[%clk 00:53:56]} {[%emt 00:10:20]} 15. Bg5 {[%clk 01:18:18]} {[%emt 00:06:15]}
f6 {[%clk 00:52:01]} {[%emt 00:02:25]} 16. Be3 {[%clk 01:18:43]} {[%emt
00:00:06]} b6 {[%clk 00:48:59]} {[%emt 00:03:32]} 17. Qa4 {[%clk 01:17:31]}
{[%emt 00:01:43]} Nd4 {[%clk 00:43:32]} {[%emt 00:05:57]} 18. Bxd4 {[%clk
01:10:57]} {[%emt 00:07:03]} exd4 {[%clk 00:42:26]} {[%emt 00:01:37]} 19. Nb5
{[%clk 01:10:52]} {[%emt 00:00:34]} Nd5 {[%clk 00:41:54]} {[%emt 00:01:02]} 20.
Qb3 {[%clk 00:55:11]} {[%emt 00:16:11]} Qd7 {[%clk 00:38:14]} {[%emt 00:04:09]}
21. a4 {[%clk 00:54:47]} {[%emt 00:00:54]} Rfe8 {[%clk 00:35:45]} {[%emt
00:03:00]} 22. Rfe1 {[%clk 00:45:38]} {[%emt 00:09:39]} Nb4 {[%clk 00:32:23]}
{[%emt 00:03:52]} 23. Qd1 {[%clk 00:41:57]} {[%emt 00:04:10]} Bd5 {[%clk
00:30:07]} {[%emt 00:02:46]} 24. Qd2 {[%clk 00:38:25]} {[%emt 00:04:03]} Bxg2
{[%clk 00:27:18]} {[%emt 00:03:19]} 25. Kxg2 {[%clk 00:38:50]} {[%emt
00:00:05]} Nd5 {[%clk 00:24:52]} {[%emt 00:02:55]} 26. Kg1 {[%clk 00:33:46]}
{[%emt 00:05:35]} Re6 {[%clk 00:23:35]} {[%emt 00:01:47]} 27. e4 {[%clk
00:19:03]} {[%emt 00:15:12]} dxe3 {[%clk 00:20:15]} {[%emt 00:03:50]} 28. fxe3
{[%clk 00:19:27]} {[%emt 00:00:06]} Bh6 {[%clk 00:17:41]} {[%emt 00:03:05]} 29.
Qf2 {[%clk 00:19:26]} {[%emt 00:00:30]} Rbe8 {[%clk 00:14:40]} {[%emt
00:03:32]} 30. e4 {[%clk 00:18:36]} {[%emt 00:01:20]} Nc7 {[%clk 00:11:59]}
{[%emt 00:03:11]} 31. Nxc7 {[%clk 00:17:39]} {[%emt 00:01:27]} Qxc7 {[%clk
00:12:24]} {[%emt 00:00:05]} 32. Rbd1 {[%clk 00:17:36]} {[%emt 00:00:33]} Qe7
{[%clk 00:10:11]} {[%emt 00:02:43]} 33. Rf1 {[%clk 00:13:40]} {[%emt 00:04:26]}
Rf8 {[%clk 00:08:20]} {[%emt 00:02:21]} 34. Qg2 {[%clk 00:10:22]} {[%emt
00:03:48]} Kh8 {[%clk 00:06:47]} {[%emt 00:02:03]} 35. Kh1 {[%clk 00:08:52]}
{[%emt 00:02:00]} Qd7 {[%clk 00:05:54]} {[%emt 00:01:23]} 36. Qh3 {[%clk
00:08:10]} {[%emt 00:01:12]} Bg7 {[%clk 00:04:16]} {[%emt 00:02:09]} 37. Nxb6
{[%clk 00:08:20]} {[%emt 00:00:20]} Qc6 {[%clk 00:03:24]} {[%emt 00:01:21]} 38.
Nd5 {[%clk 00:08:32]} {[%emt 00:00:18]} f5 {[%clk 00:02:58]} {[%emt 00:00:57]}
39. Qg2 {[%clk 00:07:26]} {[%emt 00:01:35]} fxe4 {[%clk 00:01:34]} {[%emt
00:01:54]} 40. Rxf8+ {[%clk 00:07:33]} {[%emt 00:00:23]} Bxf8 {[%clk 00:02:00]}
{[%emt 00:00:04]} 41. dxe4 {[%clk 00:07:48]} {[%emt 00:00:15]} Qxa4 {[%clk
00:28:13]} {[%emt 00:04:16]} 42. Nc3 {[%clk 00:35:29]} {[%emt 00:02:50]} Qe8
{[%clk 00:23:39]} {[%emt 00:05:04]} 43. Qf2 {[%clk 00:30:24]} {[%emt 00:05:35]}
Bh6 {[%clk 00:14:24]} {[%emt 00:09:45]} 44. Ra1 {[%clk 00:19:16]} {[%emt
00:11:38]} Bg7 {[%clk 00:07:33]} {[%emt 00:07:21]} 45. Qxc5 {[%clk 00:16:54]}
{[%emt 00:02:51]} Rxe4 {[%clk 00:06:04]} {[%emt 00:01:59]} 46. Qxa5 {[%clk
00:17:16]} {[%emt 00:00:09]} Re1+ {[%clk 00:04:16]} {[%emt 00:02:18]} 47. Rxe1
{[%clk 00:15:58]} {[%emt 00:01:48]} Qxe1+ {[%clk 00:04:35]} {[%emt 00:00:11]}
48. Kg2 {[%clk 00:16:23]} {[%emt 00:00:04]} Qd2+ {[%clk 00:04:01]} {[%emt
00:01:05]} 49. Kh3 {[%clk 00:15:28]} {[%emt 00:01:25]} Qd7+ {[%clk 00:04:00]}
{[%emt 00:00:30]} 50. Kg2 {[%clk 00:15:47]} {[%emt 00:00:11]} 1/2-1/2

[Event "DEM U14 2024"]
[Site "Willingen GER"]
[Date "2024.05.25"]
[Round "9"]
[White "Sickmann, Lisa"]
[Black "Savchuk, Alexander"]
[Result "0-1"]
[Termination "normal"]
[Board "13"]
[WhiteTitle "WFM"]
[WhiteElo "1980"]
[BlackElo "1865"]
[WhiteClock "00:48:15"]
[BlackClock "00:36:51"]
[PlyCount "52"]
[WhiteFideId "16267818"]
[BlackFideId "34617434"]
[EventCountry "GER"]
[EventRounds "9"]
[EventType "swiss"]
[EventDate "2024.05.18"]

1. e4 {[%clk 01:30:59]} {[%emt 00:00:01]} c5 {[%clk 01:30:53]} {[%emt
00:00:08]} 2. Nf3 {[%clk 01:31:12]} {[%emt 00:00:16]} d6 {[%clk 01:31:17]}
{[%emt 00:00:05]} 3. d4 {[%clk 01:31:39]} {[%emt 00:00:04]} cxd4 {[%clk
01:31:41]} {[%emt 00:00:07]} 4. Nxd4 {[%clk 01:32:05]} {[%emt 00:00:03]} Nf6
{[%clk 01:31:47]} {[%emt 00:00:23]} 5. Nc3 {[%clk 01:32:31]} {[%emt 00:00:05]}
g6 {[%clk 01:32:13]} {[%emt 00:00:03]} 6. Be3 {[%clk 01:32:57]} {[%emt
00:00:04]} Bg7 {[%clk 01:32:39]} {[%emt 00:00:04]} 7. f3 {[%clk 01:33:24]}
{[%emt 00:00:03]} O-O {[%clk 01:32:46]} {[%emt 00:00:24]} 8. Qd2 {[%clk
01:33:49]} {[%emt 00:00:06]} Nc6 {[%clk 01:32:59]} {[%emt 00:00:15]} 9. O-O-O
{[%clk 01:34:14]} {[%emt 00:00:04]} d5 {[%clk 01:33:14]} {[%emt 00:00:16]} 10.
exd5 {[%clk 01:34:31]} {[%emt 00:00:12]} Nxd5 {[%clk 01:33:33]} {[%emt
00:00:12]} 11. Nxc6 {[%clk 01:34:57]} {[%emt 00:00:04]} bxc6 {[%clk 01:33:53]}
{[%emt 00:00:10]} 12. Bd4 {[%clk 01:35:21]} {[%emt 00:00:05]} Bxd4 {[%clk
01:34:02]} {[%emt 00:00:21]} 13. Qxd4 {[%clk 01:35:26]} {[%emt 00:00:25]} Qb6
{[%clk 01:34:06]} {[%emt 00:00:25]} 14. Nxd5 {[%clk 01:24:30]} {[%emt
00:11:28]} cxd5 {[%clk 01:32:51]} {[%emt 00:01:45]} 15. Qxd5 {[%clk 01:23:50]}
{[%emt 00:01:09]} Be6 {[%clk 01:32:34]} {[%emt 00:00:47]} 16. Qd4 {[%clk
01:22:54]} {[%emt 00:01:25]} Qa5 {[%clk 01:30:45]} {[%emt 00:02:20]} 17. Bc4
{[%clk 01:18:31]} {[%emt 00:04:53]} Bxc4 {[%clk 01:24:22]} {[%emt 00:06:54]}
18. Qxc4 {[%clk 01:18:06]} {[%emt 00:00:54]} Qg5+ {[%clk 01:23:31]} {[%emt
00:01:21]} 19. Rd2 {[%clk 01:17:02]} {[%emt 00:01:34]} Rfc8 {[%clk 00:55:47]}
{[%emt 00:28:14]} 20. Qd5 {[%clk 01:13:47]} {[%emt 00:03:45]} Qf6 {[%clk
00:53:47]} {[%emt 00:02:31]} 21. Rhd1 {[%clk 01:12:20]} {[%emt 00:01:55]} Rab8
{[%clk 00:53:24]} {[%emt 00:00:54]} 22. Qd4 {[%clk 01:08:59]} {[%emt 00:03:51]}
Qe6 {[%clk 00:52:34]} {[%emt 00:01:20]} 23. Kb1 {[%clk 00:57:16]} {[%emt
00:12:14]} Qc6 {[%clk 00:41:31]} {[%emt 00:11:21]} 24. Qe5 {[%clk 00:51:57]}
{[%emt 00:05:53]} h5 {[%clk 00:36:43]} {[%emt 00:05:25]} 25. Qxe7 {[%clk
00:48:03]} {[%emt 00:04:24]} Rxb2+ {[%clk 00:36:33]} {[%emt 00:00:41]} 26. Kxb2
{[%clk 00:48:15]} {[%emt 00:00:18]} Qc3+ {[%clk 00:36:51]} {[%emt 00:00:10]}
0-1